000 00518nam a2200217Ia 4500
003 IT-RoPAU
008 120407s9999 xx 000 0 und d
040 _aIT-RoPAU
040 _cIT-RoPAU
041 _aita
100 _aGiovanni Roatta
245 _aLibero arbitrio, grazia e predestinazione fondamento dottrinale unitario della Divina Commedia
250 _aAlba
260 _aEdizioni Paoline
260 _c1947
300 _a238 p.
300 _c18 cm
490 _v1
942 _cBK
999 _c29885
_d29885